| 000 | 00987nam a2200241 i 4500 | ||
|---|---|---|---|
| 001 | 34998 | ||
| 003 | ES-MaACL | ||
| 005 | 20251015145002.0 | ||
| 007 | t| | ||
| 008 | 030211s1943 sp af |||| | spa d | ||
| 100 | 1 |
_aBorrás, Tomás, _d1891-1976 _930556 |
|
| 245 | 1 | 3 |
_aLa esclava del Sacramento : _bbiografía dramática en ocho capítulos / _cTomás Borrás ; bocetos de decorado de José María del Hoyo. |
| 260 |
_aMadrid : _b[s.n.], _c1943 ( _fArtes Gráf. Sol) |
||
| 300 |
_a138 p., 10 lám. ; _c25 cm. |
||
| 490 | 1 | _aCuadernos de literatura contemporánea | |
| 594 | _aPrecede al tít.: Consejo Superior de Investigaciones Científicas. Instituto Antonio de Nebrija. | ||
| 600 | 0 | 7 |
_aMaría Micaela del Santísimo Sacramento, _cSanta _2 _9140518 |
| 700 | 1 |
_aHoyo, José María del. _9151430 |
|
| 710 | 2 |
_aInstituto Antonio de Nebrija. _94795 |
|
| 830 | 1 |
_aCuadernos de literatura contemporánea _9181545 |
|
| 852 | 4 |
_aES-MaACL _j1848-F-7 |
|
| 999 |
_c34998 _d34998 |
||